000 00840nas a2200289 4500
001 BR2017002144
003 BR-BrBNA
005 20231205131040.0
007 ta
008 230509b bl.|||p| |||| 00| 00por d
040 _aBR-BrBNA
_bpor
_cBiblioteca Nacional de Agricultura
041 _a(En)
072 _aL73
100 1 _aQin, H.Y.
100 1 _aXiao, J.H.
100 1 _aLi, J.X.
100 1 _aGao, X.
100 1 _aWang, H.B.
245 1 _aClimate variability and avian cholera transmission in Guangxi, China
650 _aAVE DOMESTICA
650 _aCOLERA
650 _aTRANSMISSÃO DE DOENÇA
650 _aZOONOSE
773 0 _tBrazilian Journal of Poultry Science (Brazil)
_xISSN 1516-635X
_g(Apr-Jun 2017), v. 19(2) p. 211-220
_wBR2017002144
909 _a202311
_bLúcia
_c55
_dLúcia Elande
942 _2AGRIS
_n0
_cANA
999 _c252755
_d252755